000 00301nam a2200109Ia 4500
008 231011s9999 xx 000 0 und d
041 _aeng
100 _aTaylor and Steward
245 _aHandbook of Financial Sales & Marketing Management
260 _bCassell Educational Ltd,London -
365 _b777
999 _c885580
_d885580